| 000 | cam a22 7a 4500 | ||
|---|---|---|---|
| 999 |
_c7173 _d7173 |
||
| 003 | OSt | ||
| 005 | 20181108160358.0 | ||
| 008 | 181108e201806 spca b 001 0 cat d | ||
| 017 |
_aDL B. 9786-2018 _bBiblioteca de Catalunya |
||
| 020 | _a9788497102742 | ||
| 040 |
_aES-BaUAB _bcat _cCDMR |
||
| 100 | 1 |
_aLuna, Joaquín, _d1958- |
|
| 245 | 1 | 0 |
_aQuina tropa! _b: aventures i desventures d'un periodista divorciat / _cJoaquim Luna ; pròleg d'Albert Om |
| 260 |
_aBarcelona : _bEdicions Destino, _c2018 |
||
| 300 |
_a303 p. : _bil ; _c21 cm |
||
| 504 | _aÍndex | ||
| 600 | 1 | 7 |
_aLuna, Jaquín _2lemac |
| 650 | 0 | 7 |
_aPeriodistes _zCatalunya _xBiografia _2lemac _92400 |
| 650 | 7 |
_aPeriodistes _zEspanya _xBiografia _2lemac |
|
| 700 | 1 |
_aOm, Albert, _d1966- |
|
| 942 | _cMON | ||